00749nam a2200181 a 450000100100000000500170001000800410002704000250006808200150009324501330010826000860024130000340032750000380036170000290039904900090042895201130043799900170055000003039420200930062306.0110516s1996 dr ab 000 0 spa d aDO-SdBNPbspacBNPHU axxxbD441g01aEl desafío de la globalización :bla economía dominicana en el mundo de hoy marzo-junio /ccoordinador ; Abelardo Vicioso. aSanto Domingo :bCentro de Investigación y Promoción Social, (CIPROS),c1996. a58 p. :bil., mapas ;c21 cm. aTaller de Análisis de Coyuntura1 aVicioso, Abelardo923473 aBNPD 0010718PDaPDbPDcCTd2011-05-16iLF1l0oxxx D441gp30394-10r2020-06-25w2020-06-25yLFPDZNo se presta c29886d29886